Central Library OPAC University of Rajshahi

The law of civil procedure : (Record no. 24245)

MARC details
000 -LEADER
fixed length control field 00811cam a2200241 i 4500
001 - CONTROL NUMBER
control field 24245
003 - CONTROL NUMBER IDENTIFIER
rucl marc code BD-RjUL
005 - DATE AND TIME OF LATEST TRANSACTION
control field 20211209001027.0
008 - FIXED-LENGTH DATA ELEMENTS--GENERAL INFORMATION
fixed length control field 140312t1963 pk 000 0 eng
035 ## - SYSTEM CONTROL NUMBER
System control number (BD-RjUL) 24311
040 ## - CATALOGING SOURCE
Original cataloging agency DLC
Transcribing agency DLC
Modifying agency DLC
-- BD-RjUL
Language of cataloging eng
041 ## - LANGUAGE CODE
Language code of text/sound track or separate title eng
082 00 - DEWEY DECIMAL CLASSIFICATION NUMBER
Classification number 345.491075
Edition number 19
Author mark and year MAL 1963
100 1# - MAIN ENTRY--PERSONAL NAME
Personal name Mahmood, Shaukat.
9 (RLIN) 13714
245 14 - TITLE STATEMENT
Title The law of civil procedure :
Remainder of title a detailed and exhaustive commentary on the Code of civil procedure, 1908 as amended up-to-date /
Statement of responsibility, etc. by Sh. Shaukat Mahmood.
260 ## - PUBLICATION, DISTRIBUTION, ETC. (IMPRINT)
Place of publication, distribution, etc. Lahore :
Name of publisher, distributor, etc. Pakistan law times pub.
Date of publication, distribution, etc. 1963.
300 ## - PHYSICAL DESCRIPTION
Pagination V-1 (x, 780 p.) ;
Size 24 cm.
505 ## - FORMATTED CONTENTS NOTE
Formatted contents note Vol. 3. Orders 22 to index
650 #0 - SUBJECT ADDED ENTRY--TOPICAL TERM
Topical term or geographic name as entry element Civil procedure
Geographic subdivision Pakistan.
9 (RLIN) 14780
710 1# - ADDED ENTRY--CORPORATE NAME
Corporate name or jurisdiction name as entry element Pakistan.
9 (RLIN) 74679
942 ## - ADDED ENTRY ELEMENTS (KOHA)
Source of classification or shelving scheme Dewey Decimal Classification
Koha item type Books
Holdings
Lost status Source of classification or shelving scheme Damaged status Not for loan Collection code Permanent Location Current Location Shelving location Date acquired Source of acquisition Cost, normal purchase price Total Checkouts Full call number Date last seen Copy number Koha item type
  Dewey Decimal Classification     Non-fiction Central Library, University of Rajshahi Central Library, University of Rajshahi   13/07/1968 waris book com., 0.00   345.491075 MAL V-1 1963 12/03/2014 C-3 Books
  Dewey Decimal Classification     Non-fiction Central Library, University of Rajshahi Central Library, University of Rajshahi   15/03/1968 Warish Book center 30.00   345.491075 MAL V-2 1963 08/08/2016 C-2 Books
  Dewey Decimal Classification     Non-fiction Central Library, University of Rajshahi Central Library, University of Rajshahi   15/03/1968 Warish Book center 30.00   345.491075 MAL V-3 1964 09/08/2016 C-2 Books
  Dewey Decimal Classification     Non-fiction Central Library, University of Rajshahi Central Library, University of Rajshahi   12/07/1968 Warri book co. 90.00   345.491075 MAL V-3 1963 04/09/2016 C-3 Books
  Dewey Decimal Classification   Not For Loan Non-fiction Central Library, University of Rajshahi Central Library, University of Rajshahi Reading Room 27/01/2020       345.491075 MAL V-3 1963 27/01/2020 C-1 Books